Centre and Periphery: Spatial variation in politics (Record no. 225387)

MARC details
000 -LEADER
fixed length control field 00415nam a2200157Ia 4500
008 - FIXED-LENGTH DATA ELEMENTS--GENERAL INFORMATION
fixed length control field 230917s9999||||xx |||||||||||||| ||und||
020 ## - ISBN
Price POU11.85
040 ## - CATALOGING SOURCE
-- 9313
Original cataloging agency VIVEKANANDA LIBRARY
041 ## - Language
-- English
082 ## - DDC NUMBER
Classification number 320.9 G716C
100 ## - MAIN ENTRY--PERSONAL NAME
Personal name Gottmann, Jean, ed.
245 #0 - TITLE STATEMENT
Title Centre and Periphery: Spatial variation in politics
260 ## - PUBLICATION, DISTRIBUTION, ETC. (IMPRINT)
Place of publication, distribution, etc Beverly Hills
Name of publisher, distributor, etc Sage Publications
Date of publication, distribution, etc 1980
300 ## - PHYSICAL DESCRIPTION
Pages 226 p.
942 ## - ADDED ENTRY ELEMENTS (KOHA)
Koha item type Books
Holdings
Withdrawn status Lost status Damaged status Not for loan Location (home branch) Sublocation or collection (holding branch) Date acquired Koha issues (times borrowed) Koha full call number Accession No. Koha date last seen Koha item type
        VIVEKANANDA LIBRARY VIVEKANANDA LIBRARY 08/08/2002   320.9 G716C 92253 17/09/2023 Books
© Designed and Maintained by Vivekananda Library, MDU Rohtak